• 首页
  • 本馆介绍
  • 公告通知
  • 最新文献
  • 馆藏检索
  • 电子资源
  • 读者导购
  • 参考咨询
  • 我的图书馆
  • 登录
  • 详细信息显示
  • 放入我的书架
  • 预约/预借图书
  • 作者相关作品
  • 分类相关作品
  • 丛书相关作品
  • 出版社相关作品

书目信息

  • 表格格式
  • 工作单格式
  • 卡片格式
题名:
完美的对称
    
 
作者: 巴戈特 著 ;李涛 , 曹志良 译
分册:  
出版信息: 上海   上海科技教育出版社  1999
页数: 399页
开本: 20cm
丛书名: 哲人石丛书
单 册:
中图分类: O613.71
科图分类:
主题词: 无机化学 , 碳--结构,富勒烯
电子资源:
ISBN: 7-5428-1882-1
000 00877nam0 2200265 45
001 0201091487
005 20031219104052.6
010    @a7-5428-1882-1@dCNY27.50
100    @a20020109d1999 km y0chiy0120 ea
101 0  @achi
105    @a z 000yy
200 1  @a完美的对称@AWan Mei De Dui Chen@e富勒烯的意外发现@EFu Le Xi De Yi Wai Fa Xian@f(美)巴戈特(Baggott,J.)著@F(Mei)Ba Ge Te(Baggott,J.)Zhu@g李涛,曹志良译
210    @a上海@c上海科技教育出版社@d1999
215    @a399页@d20cm
225    @a哲人石丛书@i当代科普名著系列
410    @12001 @a哲人石丛书
517    @a富勒烯的意外发现@AFu Le Xi De Yi Wai Fa Xian
606 0  @a无机化学
606 0  @a碳@x结构,富勒烯
690    @aO613.71@v4
701  0 @a巴戈特@bBaggott,J.@4著
702  0 @a李涛@ALi Tao@4译
702  0 @a曹志良@ACao Zhi Liang@4译
801    @aCN@bTSTC@c20020109
905    @f10@b303733-742@dO613.71@e3
    
    完美的对称:富勒烯的意外发现/(美)巴戈特(Baggott,J.)著/李涛,曹志良译.-上海:上海科技教育出版社,1999
    399页;20cm.-(哲人石丛书.当代科普名著系列)
    
    
    ISBN 7-5428-1882-1:CNY27.50
    
●
相关链接 在E读中查询图书 在五车中查询图书 在当当中查询图书 在豆瓣中查询图书


正题名:完美的对称     索取号:O613.71/3         预约/预借

序号 登录号 条形码 馆藏地/架位号 状态 备注
1 0303733   203037338   第三借阅区/ [索取号:O613.71/3] 在馆    
2 0303734   203037347   第三借阅区/ [索取号:O613.71/3] 在馆    
3 0303735   203037356   第三借阅区/ [索取号:O613.71/3] 在馆    
4 0303736   203037365   第三借阅区/ [索取号:O613.71/3] 在馆    
5 0303737   203037374   第三借阅区/ [索取号:O613.71/3] 在馆    
6 0303738   203037383   第三借阅区/ [索取号:O613.71/3] 在馆    
7 0303739   203037392   第三借阅区/ [索取号:O613.71/3] 在馆    
8 0303740   203037409   第三借阅区/ [索取号:O613.71/3] 在馆    
9 0303741   203037418   第三借阅区/ [索取号:O613.71/3] 在馆    
10 0303742   203037427   第二样本阅览室/ [索取号:O613.71/3] 在馆    
唐山师范学院图书馆 欢迎您!
大连网信软件有限公司© 版权所有